00435 2200157 4500001002100000008004100021035002000062245006300082100001900145260004100164300002000205082000800225650001800233990001300251990001300264INLIS000000000000275 ind  a0010-0322000275 aTHE TADPOLES LOOK FOR THEIR MOTHER AND OTHER STORIEScIKHA aDIDIK DJUNAEDI aJAKARTAbPT. GADING INTI PRIMAc2015 a68 hlm.c25 cm. a823 aFIKSI INGGRIS a102488-1 a102488-2